000 00586nam a2200229Ia 4500
003 OSt
005 20220928144749.0
006 a|||||r|||| 00| 0
007 ta
008 220927b |||||||| |||| 00| 0 eng d
024 _a75966
037 _cTextual
040 _aSDCL
_cSDCL
_beng
041 _2eng
_aeng
082 _aX9:6.3'N8, M4
100 _aDavis Edward W
_9509603
245 0 _aFinance and the firm.
260 _c1984
700 _a Pointon John
_9509604
942 _hX9:6.3'N8, M4
_cTEXL
_2CC
999 _c829583
_d829583